000 00809nam a2200229Ia 4500
003 GCL
008 140319s9999 xx 000 0 ara d
020 _a3100367977
040 _aGCL /
_cGCL
082 0 4 _a811.082
_bم ق
100 1 _aفاروق شوشة
245 1 0 _aالقدس تتكلم :
_bديوان شعرى يحكى قصة المسجد الصابر وارض النبوات /
_cفاروق شوشة
700 1 _aمحمود حسن اسماعيل
250 _aالاولى
260 _aالقاهرة :
_bمركز الاعلام العربى ،
_c2006
300 _a144 ص ؛
_c20 سم
490 _aادب القدس
_v4
650 0 4 _aالشعر السياسى
650 0 4 _aالشعر العربى - مجموعات
650 0 4 _aالشعر السياسى - فلسطين
942 _2ddc
_cBK
999 _c8888
_d8888